Brawl Stars: Gray Skins by Picture - Statistics

General Stats
  • This quiz has been taken 56 times
    18 since last reset
  • The average score is 5 of 7
Answer Stats
Picture Answer % Correct
True Gold Gray
100%
True Silver Gray
100%
Detective Gray
91%
Detective Noir Gray
82%
Runaway Gray
55%
Gigantophis Gray
36%
Wanderer Gray
36%
No matching quizzes found
Score Distribution
Percent of People with Each Score
Percentile by Number Answered
Your Score History
You have not taken this quiz since the last reset